| 000 | 00846nam a2200241 a 4500 | ||
|---|---|---|---|
| 001 | 47343 | ||
| 003 | BD-RjUL | ||
| 005 | 20211209054310.0 | ||
| 008 | 160808s1974 bg ||||| |||| 00| 0 ben d | ||
| 020 | _c: Tk. 19.00 | ||
| 035 | _a(BD-RjUL)47462 | ||
| 040 |
_aBD-RjUL _bben _cBD-RjUL |
||
| 041 | _aben | ||
| 082 |
_223 _a954.022 _bKAV 1974 |
||
| 100 | 1 |
_aকরিম, আবদুল _9144070 |
|
| 245 | 1 | 0 |
_aভারতীয় উপমহাদেশে মুসলিম-শাসন / _cআবদুল করিম |
| 250 | _a২য় সং | ||
| 260 |
_aঢাকা : _bবাংলা একাডেমী, _c১৯৭৪ |
||
| 300 |
_a[১১], ৫২০ পৃ. ; _c২০ সেমি. |
||
| 650 |
_aমুসলিম শাসন _zভারত _9144917 |
||
| 651 |
_aIndia _vMuslim conquest _9144918 |
||
| 942 |
_2ddc _cBK |
||
| 999 |
_c47343 _d47343 |
||